[Event "Ch City (1/2 final)"]
[Site "masterchessopen.com Voronezh (Russia)"]
[Date "2010.02.17"]
[Round "7"]
[White "Skorobogatykh Andrey (RUS)"]
[Black "Popov Kirill (RUS)"]
[Result "0-1"]
[WhiteElo "1838"]
[BlackElo "1861"]

1.e4 c5 2.Nc3 Nc6 3.g3 g6 4.Bg2 Bg7 5.d3 d6 6.Be3 e6 7.Nge2 Nge7 8.d4 Qa5
9.O-O O-O 10.d5 exd5 11.Nxd5 Nxd5 12.Qxd5 Bxb2 13.Rab1 Bg7 14.Qxd6 Qxa2
15.Qxc5 Rd8 16.Bg5 Re8 17.f4 h6 18.Bh4 Bg4 19.Qf2 Qxc2 20.Bf3 Bxf3 21.Qxf3
Rxe4 22.Rfe1 Rae8 {#R} 0-1

[Event "Liga Mazowiecka 2009/10"]
[Site "masterchessopen.com Poland"]
[Date "2010.03.28"]
[Round "9"]
[White "Jaskowski Piotr (POL)"]
[Black "Nowicki Bartosz (POL)"]
[Result "0-1"]
[WhiteElo "1797"]
[BlackElo "2068"]

1.e4 c5 2.Nc3 Nc6 3.g3 g6 4.Bg2 Bg7 5.d3 d6 6.Be3 Rb8 7.Qd2 b5 8.f4 Bd7 9.Nf3
b4 10.Nd1 e6 11.O-O Nge7 12.Kh1 O-O 13.g4 f5 14.h3 Kh8 15.Rg1 e5 16.exf5 gxf5
17.fxe5 fxg4 18.Ng5 Nxe5 19.d4 cxd4 20.Bxd4 Nf5 21.Bd5 Nxd4 {#R} 0-1

[Event "It (open)"]
[Site "masterchessopen.com Lille (France)"]
[Date "2010.04.05"]
[Round "4"]
[White "Maddens Martijn (BEL)"]
[Black "Wirig Anthony (FRA)"]
[Result "0-1"]
[WhiteElo "1982"]
[BlackElo "2477"]

1.e4 c5 2.Nc3 Nc6 3.g3 g6 4.Bg2 Bg7 5.d3 d6 6.Be3 Rb8 7.Qd2 b5 8.f4 b4 9.Nd1
Bg4 10.Ne2 Nd4 11.Bxd4 cxd4 12.O-O h5 13.Nf2 Bd7 14.Nh3 Nf6 15.Ng5 Ng4 16.Nf3
Ne3 17.Rfe1 Qb6 18.e5 Rc8 19.Nexd4 Nxc2 {#R} 0-1

[Event "Ch Gran Canaria"]
[Site "masterchessopen.com Gran Canaria (Spain)"]
[Date "2010.04.16"]
[Round "4"]
[White "De La Hoz Sanchez Ruben (ESP)"]
[Black "Menvielle Lacourrelle August (ESP)"]
[Result "0-1"]
[WhiteElo "2005"]
[BlackElo "2262"]

1.e4 c5 2.Nc3 Nc6 3.g3 g6 4.Bg2 Bg7 5.d3 d6 6.Be3 b6 7.Qd2 Bb7 8.f4 Nd4 9.Nf3
Qd7 10.O-O e6 11.Rab1 Ne7 12.Ne2 Nxf3+ 13.Bxf3 d5 14.exd5 Nxd5 15.Bf2 Nc3
16.Bxb7 Nxb1 17.Rxb1 Qxb7 18.d4 Rd8 19.c3 O-O 20.Qc2 Qc6 21.Re1 cxd4 {#R} 0-1

[Event "It (open)"]
[Site "masterchessopen.com Albena (Bulgaria)"]
[Date "2010.06.09"]
[Round "7"]
[White "Kamenov Valentin (BUL)"]
[Black "Draskovic Luka (MNE)"]
[Result "0-1"]
[WhiteElo "1797"]
[BlackElo "2172"]

1.e4 c5 2.Nc3 Nc6 3.g3 g6 4.Bg2 Bg7 5.d3 d6 6.Be3 e6 7.f4 Nge7 8.Nf3 O-O 9.Qd2
Nd4 10.O-O-O Nec6 11.h4 Qa5 12.f5 Nb4 13.a3 Nxf3 14.Bxf3 Bxc3 15.bxc3 Qxa3+
{#R} 0-1

[Event "Ch Bosnia & Herzegovina (team)"]
[Site "masterchessopen.com Bihac (Bosnia & Herzegovina)"]
[Date "2010.06.11"]
[Round "7"]
[White "Nuhic Amir (BIH)"]
[Black "Kadric Denis (BIH)"]
[Result "1-0"]
[WhiteElo "2137"]
[BlackElo "2291"]

1.e4 c5 2.Nc3 d6 3.g3 g6 4.Bg2 Nc6 5.d3 Bg7 6.Be3 h5 7.f4 Nh6 8.h3 Nd4 9.Nf3
Bd7 10.O-O Qc8 11.Kh2 Nxf3+ 12.Qxf3 Ng4+ 13.Kh1 Nxe3 14.Qxe3 Bxh3 15.f5 Bh6
16.Qe1 Bxg2+ 17.Kxg2 O-O 18.Nd5 Bg5 19.f6 Bxf6 20.Rxf6 {#r} 1-0

[Event "Tournament (open) \"]
[Site "masterchessopen.com Samara (Russia)"]
[Round "9"]
[White "Vdovin Sergey (RUS)"]
[Black "Belikov Alexey (RUS)"]
[Result "1-0"]
[WhiteElo "2116"]
[BlackElo "2183"]

1.e4 c5 2.Nc3 Nc6 3.g3 g6 4.Bg2 Bg7 5.d3 d6 6.Be3 e5 7.Qd2 Be6 8.Nge2 Nd4
9.Nc1 Qd7 10.h3 Ne7 11.g4 O-O-O 12.Nd1 h5 13.g5 Rhf8 14.c3 Ndc6 15.h4 f5
16.gxf6 Bxf6 17.Bg5 Ng8 18.Ne3 Nce7 19.Ne2 Rf7 {#r} 1-0

[Event "Ch Turkey (team)"]
[Site "masterchessopen.com Konya (Turkey)"]
[Date "2010.07.02"]
[Round "5"]
[White "Cebelli Ozel (TUR)"]
[Black "Vural Ozge (TUR)"]
[Result "1-0"]
[WhiteElo "2172"]
[BlackElo "1887"]

1.e4 c5 2.Nc3 Nc6 3.g3 g6 4.Bg2 Bg7 5.d3 d6 6.Be3 e6 7.Qd2 Nd4 8.Nd1 Nf6 9.c3
Nc6 10.h3 O-O 11.Bh6 d5 12.Bxg7 Kxg7 13.exd5 Nxd5 14.Nf3 Qf6 15.Ne3 Rd8 16.Ng4
Qf5 17.Qh6+ Kg8 18.Ng5 Nf6 19.Be4 Nxe4 20.dxe4 {#r} 1-0

[Event "It \"]
[Site "masterchessopen.com Hamburg (Germany)"]
[Date "2010.07.11"]
[Round "2"]
[White "Horstmann Olaf (GER)"]
[Black "Kaye Ferdinand (GER)"]
[Result "1-0"]
[WhiteElo "2209"]
[BlackElo "2080"]

1.e4 g6 2.Nc3 Bg7 3.g3 c5 4.Bg2 Nc6 5.d3 d6 6.Be3 Nd4 7.Qd2 Qa5 8.f4 e6 9.Nf3
Ne7 10.O-O Bd7 11.Qf2 Qb6 12.Nd1 O-O 13.c3 Nxf3+ 14.Bxf3 e5 15.b4 Rac8 16.Rc1
Bb5 17.Nb2 f5 18.a4 Bd7 19.fxe5 fxe4 20.dxe4 Bxe5 21.Nc4 Qc7 22.Nxe5 dxe5
23.Bxc5 Bxa4 24.Qa2+ {#r} 1-0

[Event "It (open) \"]
[Site "masterchessopen.com Agios Kirykos (Greece)"]
[Date "2010.07.13"]
[Round "1"]
[White "Koukoufikis Alexandros (GRE)"]
[Black "Xenakis Nikolaos (GRE)"]
[Result "1-0"]
[WhiteElo "2278"]
[BlackElo "1895"]

1.e4 c5 2.Nc3 d6 3.g3 g6 4.Bg2 Bg7 5.d3 Nc6 6.Be3 Nf6 7.h3 Rb8 8.f4 O-O 9.Qd2
Qc7 10.Nf3 Be6 11.g4 b5 12.f5 b4 13.Ne2 Bd7 14.O-O a5 15.Bh6 a4 16.Bxg7 Kxg7
17.Nf4 e5 18.g5 exf4 19.gxf6+ Kxf6 20.Qxf4 Kg7 21.f6+ {#r} 1-0

[Event "It (open)"]
[Site "masterchessopen.com Poznan (Poland)"]
[Date "2010.08.07"]
[Round "7"]
[White "Zakrzewski Marek (POL)"]
[Black "Czaplinski Piotr (POL)"]
[Result "1-0"]
[WhiteElo "2053"]
[BlackElo "1811"]

1.e4 c5 2.Nc3 Nc6 3.g3 g6 4.Bg2 Bg7 5.d3 d6 6.Be3 Bd7 7.Qd2 a6 8.f4 b5 9.Nge2
Rb8 10.O-O Qc8 11.e5 dxe5 12.Bxc5 Nh6 13.fxe5 Nxe5 14.d4 Nc4 15.Qf4 Nf5 16.Nd5
e5 17.Qf2 Be6 18.g4 Nxd4 19.Bxd4 exd4 20.Nxd4 O-O {#r} 1-0

[Event "Tournament (open) (seniors)"]
[Site "masterchessopen.com Novosibirsk (Russia)"]
[Date "2010.09.29"]
[Round "5"]
[White "Volkov Petr (RUS)"]
[Black "Nikitin Gennady (RUS)"]
[Result "1-0"]
[WhiteElo "2064"]
[BlackElo "2109"]

1.e4 c5 2.Nc3 Nc6 3.g3 g6 4.Bg2 Bg7 5.d3 d6 6.Be3 e6 7.Qd2 Rb8 8.Nh3 b5 9.a3
Nd4 10.Nd1 Ne7 11.O-O O-O 12.Bh6 Nxc2 13.Bxg7 Nxa1 14.Bf6 Nb3 15.Qg5 Re8
16.Ne3 Nd4 17.Qh6 Nef5 18.exf5 Nxf5 19.Qg5 {#r} 1-0

[Event "Cup Wroclaw (open) (b)"]
[Site "masterchessopen.com Wroclaw (Poland)"]
[Round "1"]
[White "Kanicki Krzysztof (POL)"]
[Black "Barburzynska Magdalena (POL)"]
[Result "0-1"]
[WhiteElo "1666"]
[BlackElo "1897"]

1.e4 c5 2.Nc3 Nc6 3.g3 g6 4.Bg2 Bg7 5.d3 d6 6.Be3 e5 7.Qd2 Nf6 8.Bh6 Bxh6
9.Qxh6 Nd4 10.O-O-O b5 11.h3 b4 12.Nce2 Be6 13.Nxd4 cxd4 14.b3 a5 15.Ne2 a4
16.f4 axb3 17.axb3 Ra2 18.Rd2 Qa8 19.Rdd1 Bxb3 20.Kd2 Bxc2 21.Rc1 Bxd3+ {#R}
0-1

[Event "Tournament (team)"]
[Site "masterchessopen.com Constanza (Romania)"]
[Date "2010.10.07"]
[Round "6"]
[White "Arghirescu Andrei (ROM)"]
[Black "Fantana Marin-Dumitru"]
[Result "1-0"]
[WhiteElo "2045"]
[BlackElo "1914"]

1.e4 c5 2.Nc3 Nc6 3.g3 g6 4.Bg2 Bg7 5.d3 d6 6.Be3 Nf6 7.Qd2 Ng4 8.Nge2 O-O
9.Nd1 Rb8 10.c3 b5 11.O-O b4 12.h3 Nge5 13.f4 Nd7 14.f5 Nde5 15.g4 bxc3
16.bxc3 Ba6 17.Nf2 Qa5 18.Bh6 Bxh6 19.Qxh6 Nxd3 20.g5 Kh8 21.Nxd3 Bxd3 22.fxg6
{#r} 1-0

[Event "Memorial Oliver Gonzalez (open)"]
[Site "masterchessopen.com Madrid (Spain)"]
[Date "2010.10.14"]
[Round "6"]
[White "Perez Orelvis (ESP)"]
[Black "Almeida Omar (CUB)"]
[Result "0-1"]
[WhiteElo "2445"]
[BlackElo "2559"]

1.e4 g6 2.Nc3 Bg7 3.g3 c5 4.Bg2 Nc6 5.d3 d6 6.Be3 Rb8 7.Qd2 b5 8.f4 b4 9.Nd1
e6 10.Ne2 Nge7 11.g4 f5 12.h3 O-O 13.Ng3 Qa5 14.O-O Nd4 15.Bf2 Qa4 16.Ne3 fxg4
17.hxg4 Rxf4 18.Nef5 Nexf5 19.Nxf5 exf5 {#R} 0-1

[Event "Ch Finland (team) 2010/11 (1 Division)"]
[Site "masterchessopen.com Finland"]
[Date "2010.11.21"]
[Round "5"]
[White "Tiinanen Teemu (FIN)"]
[Black "Saren Ilkka J (FIN)"]
[Result "0-1"]
[WhiteElo "1951"]
[BlackElo "2201"]

1.Nc3 c5 2.e4 Nc6 3.g3 g6 4.Bg2 Bg7 5.d3 d6 6.Be3 Nf6 7.h3 O-O 8.Nge2 e5 9.O-O
Nd4 10.Qd2 Bxh3 11.f4 Bxg2 12.Kxg2 Ng4 13.Nd5 f5 14.c3 Nxe3+ 15.Nxe3 Nxe2
16.Qxe2 exf4 17.Rxf4 Bh6 18.Rh4 f4 19.Qg4 Bg5 20.Qe6+ Kg7 21.Nf5+ gxf5
22.Rxh7+ Kxh7 23.Rh1+ Kg7 24.gxf4 Qf6 {#R} 0-1

[Event "Ch Turkey"]
[Site "masterchessopen.com Kemer (Turkey)"]
[Date "2011.02.12"]
[Round "9"]
[White "Arat Uf"]
[Black "Olcum Berk (TUR)"]
[Result "1-0"]
[WhiteElo "2028"]
[BlackElo "1830"]

1.e4 c5 2.Nc3 Nc6 3.g3 g6 4.Bg2 Bg7 5.d3 d6 6.Be3 e6 7.Qd2 Qa5 8.f4 Nge7 9.Nf3
Nd4 10.O-O Nec6 11.e5 Nf5 12.exd6 Nxd6 13.Qf2 c4 14.Bc5 Qc7 15.Rad1 Ne7
16.dxc4 Nxc4 17.Nb5 Qa5 18.Bb6 Qxb6 19.Qxb6 {#r} 1-0

[Event "Ch Berlin (qual)"]
[Site "masterchessopen.com Berlin (Germany)"]
[Date "2011.04.24"]
[Round "2"]
[White "Welz Peter Dr (GER)"]
[Black "Bieg Pascal (GER)"]
[Result "1-0"]
[WhiteElo "2133"]
[BlackElo "1803"]

1.e4 c5 2.Nc3 d6 3.g3 g6 4.Bg2 Bg7 5.d3 Nc6 6.Be3 Nf6 7.h3 O-O 8.Nge2 e5 9.O-O
h6 10.f4 Bd7 11.Qd2 Kh7 12.Rf2 Qc8 13.Kh2 Ng8 14.f5 gxf5 15.exf5 Bxf5 16.Rxf5
{#r} 1-0

[Event "Ch Brasiliense (amateurs)"]
[Site "masterchessopen.com Brasilia (Brazil)"]
[Date "2011.04.27"]
[Round "1"]
[White "Tratz Leonardo"]
[Black "Sampaio Filho Joao Rodrigues (BRA)"]
[Result "1-0"]
[WhiteElo "1998"]
[BlackElo "1787"]

1.e4 c5 2.Nc3 Nc6 3.g3 g6 4.Bg2 Bg7 5.d3 d6 6.Be3 e6 7.Qd2 Nf6 8.Nf3 Ng4 9.O-O
Nxe3 10.Qxe3 O-O 11.Rab1 a6 12.Ne2 e5 13.Nh4 Bf6 14.Nf3 Be6 15.a3 Rc8 16.Nd2
Nd4 17.c3 Nc2 18.Qf3 Nd4 19.cxd4 {#r} 1-0

[Event "Ch Hessen (seniors) (open)"]
[Site "masterchessopen.com Bad Sooden-Allendorf (Germany)"]
[Date "2011.05.01"]
[Round "2"]
[White "Schlachetka Werner (GER)"]
[Black "Liebert Heinz (GER)"]
[Result "0-1"]
[WhiteElo "2091"]
[BlackElo "2240"]

1.e4 c5 2.Nc3 Nc6 3.g3 g6 4.Bg2 Bg7 5.d3 d6 6.Be3 e5 7.Qd2 Nd4 8.Nd5 Be6 9.c3
Bxd5 10.cxd4 cxd4 11.exd5 dxe3 12.fxe3 Qb6 13.Nh3 Bh6 14.Ke2 f5 15.b3 Nf6
16.Nf2 O-O 17.Rhc1 f4 18.exf4 exf4 {#R} 0-1

[Event "Ch Croatia (juniors) (under 13) (g)"]
[Site "masterchessopen.com Rabac (Croatia)"]
[Date "2011.06.21"]
[Round "3"]
[White "Ljikar Tamara (CRO)"]
[Black "Batory Lucija (CRO)"]
[Result "1-0"]
[WhiteElo "1824"]
[BlackElo "1588"]

1.e4 c5 2.Nc3 Nc6 3.g3 g6 4.Bg2 Bg7 5.d3 d6 6.Be3 b6 7.Qd2 Nf6 8.e5 Bb7 9.exf6
Bxf6 10.Nge2 Qd7 11.O-O-O O-O-O 12.h4 Kb8 13.Bh3 Qc7 14.Nd5 Nd4 15.Nxc7 Nxe2+
16.Qxe2 Bxh1 17.Na6+ Kb7 18.Rxh1 Kxa6 {#r} 1-0

[Event "Cup Youth (team)"]
[Site "masterchessopen.com Liptov (Slovakia)"]
[Date "2011.06.24"]
[Round "1"]
[White "Nedostup Daniil (RUS)"]
[Black "Tamas Kornel (HUN)"]
[Result "1-0"]
[WhiteElo "2075"]
[BlackElo "1953"]

1.e4 c5 2.Nc3 Nc6 3.g3 g6 4.Bg2 Bg7 5.d3 d6 6.Be3 e6 7.Qd2 Nge7 8.Bh6 O-O 9.h4
f5 10.h5 Rf7 11.hxg6 hxg6 12.Bxg7 Rxg7 13.Qh6 Kf7 14.Nf3 Qf8 15.Nb5 Ng8
16.Ng5+ Ke7 17.Qh8 Nd4 18.Rh7 Kf6 19.Rxg7 Qxg7 20.Nh7+ {#r} 1-0

[Event "Ch Colombia (1/2 final) (w)"]
[Site "masterchessopen.com Santa Rosa de Cabal (Colombia)"]
[Date "2011.06.24"]
[Round "4"]
[White "Pulido Diana (COL)"]
[Black "Gomez Calderon Valentina (COL)"]
[Result "1-0"]
[WhiteElo "2011"]
[BlackElo "1815"]

1.e4 c5 2.Nc3 Nc6 3.g3 g6 4.Bg2 Bg7 5.d3 d6 6.Be3 e5 7.Qd2 Nge7 8.Nf3 O-O
9.Bh6 a6 10.h4 Rb8 11.h5 Bh8 12.Bxf8 Qxf8 13.O-O-O {#r} 1-0

[Event "Ch Greece (juniors) (under 12)"]
[Site "masterchessopen.com Eretria (Greece)"]
[Date "2011.07.01"]
[Round "9"]
[White "Tsaknakis Zisis (GRE)"]
[Black "Drakoulakos Grigorios (GRE)"]
[Result "1-0"]
[WhiteElo "1608"]
[BlackElo "1704"]

1.e4 c5 2.Nc3 d6 3.g3 g6 4.Bg2 Bg7 5.d3 Nc6 6.Be3 e6 7.Qd2 Nge7 8.Bh6 O-O 9.h4
f5 10.h5 Qe8 11.O-O-O Qf7 12.hxg6 Qxg6 13.exf5 Nxf5 14.Bxg7 Kxg7 15.Nge2 h6
16.g4 Nfd4 17.Be4 Qg5 18.f4 Qd8 19.Nxd4 cxd4 20.Rxh6 Kxh6 21.Qh2+ Kg7 22.Qh7+
{#r} 1-0

[Event "Ch Italy (juniors) (under 16) (g)"]
[Site "masterchessopen.com Porretta Terme (Italy)"]
[Date "2011.07.07"]
[Round "7"]
[White "De Somma Annarita"]
[Black "Chiarion Elisa (ITA)"]
[Result "0-1"]
[WhiteElo "1773"]
[BlackElo "1964"]

1.e4 c5 2.Nc3 Nc6 3.g3 g6 4.Bg2 Bg7 5.d3 d6 6.Be3 e6 7.Qd2 Nge7 8.Bh6 Bf6 9.h4
Qb6 10.Rb1 Bd7 11.Bg5 Bg7 12.Nge2 h6 13.Be3 Qa5 14.h5 g5 15.f4 gxf4 16.Nxf4
Ne5 17.O-O Ng4 18.Nfe2 c4 19.Nf4 Nc6 20.Bh3 Nxe3 21.Qxe3 Bd4 {#R} 0-1

[Event "It (open)"]
[Site "masterchessopen.com Girona (Spain)"]
[Date "2011.07.21"]
[Round "8"]
[White "Salagran Ferragut Guillem (ESP)"]
[Black "Jimenez Ortiz Gonzalo (ESP)"]
[Result "1-0"]
[WhiteElo "1825"]
[BlackElo "1883"]

1.e4 c5 2.Nc3 d6 3.g3 Nc6 4.Bg2 g6 5.d3 Bg7 6.Be3 Rb8 7.Qd2 b5 8.f4 e6 9.Qf2
Nd4 10.Nf3 Nxf3+ 11.Bxf3 Ne7 12.O-O h5 13.e5 Nf5 14.Ne4 Nxe3 15.Nxd6+ Kf8
16.Qxe3 Bd7 17.Qxc5 Qb6 18.d4 Qxc5 19.dxc5 Ke7 20.c6 Bc8 21.Rfd1 Rd8 22.c7
{#r} 1-0

[Event "Memorial Sukharev (open)"]
[Site "masterchessopen.com Novosibirsk (Russia)"]
[Date "2011.07.25"]
[Round "8"]
[White "Luchkin Vadim (RUS)"]
[Black "Lukashov Vladimir (RUS)"]
[Result "0-1"]
[WhiteElo "1850"]
[BlackElo "2089"]

1.e4 c5 2.Nc3 g6 3.g3 Bg7 4.Bg2 Nc6 5.d3 d6 6.Be3 Nf6 7.h3 O-O 8.f4 Rb8 9.Nge2
Bd7 10.O-O b5 11.Qd2 b4 12.Nd1 a5 13.f5 Ne5 14.g4 Bc6 15.Ng3 d5 16.Bxc5 dxe4
17.g5 Nfd7 18.Be3 exd3 19.Bxc6 Nxc6 20.cxd3 Nde5 21.Nf2 Nf3+ {#R} 0-1

[Event "It (open) (b)"]
[Site "masterchessopen.com Dresden (Germany)"]
[Date "2011.08.08"]
[Round "3"]
[White "Eilers Jochen (GER)"]
[Black "Neukoetter Max (GER)"]
[Result "1-0"]
[WhiteElo "2022"]
[BlackElo "1988"]

1.e4 c5 2.Nc3 Nc6 3.g3 g6 4.Bg2 Bg7 5.d3 d6 6.Be3 Nf6 7.h3 Rb8 8.Qd2 O-O
9.Nge2 Qa5 10.O-O e5 11.f4 Nd4 12.fxe5 Nxe2+ 13.Qxe2 Nh5 14.Rf3 Bxe5 15.g4
Bxc3 16.bxc3 Qxc3 17.Raf1 Ng7 18.Qf2 Be6 19.d4 cxd4 20.Bxd4 Qa5 21.Qh4 Ne8
22.Qe7 Qc7 23.Qxe6 {#r} 1-0

[Event "It (open)"]
[Site "masterchessopen.com Tatranske Zruby (Slovakia)"]
[Date "2011.09.28"]
[Round "5"]
[White "Karczynski Lech (POL)"]
[Black "Hrbolka Ladislav (CZE)"]
[Result "1-0"]
[WhiteElo "1890"]
[BlackElo "2133"]

1.e4 c5 2.Nc3 Nc6 3.g3 g6 4.Bg2 Bg7 5.d3 d6 6.Be3 e5 7.Qd2 Be6 8.Nh3 h6 9.f4
Nge7 10.Nf2 Qd7 11.h3 h5 12.Nd5 Nd4 13.Nxe7 Qxe7 14.c3 Nc6 15.O-O h4 16.f5
hxg3 17.Ng4 gxf5 18.exf5 {#r} 1-0

[Event "Czech League 2011/12 (2nd) (b)"]
[Site "masterchessopen.com Czech Republic"]
[Date "2011.10.09"]
[Round "1"]
[White "Jarrah Kamal (CZE)"]
[Black "Vanek Tomas (CZE)"]
[Result "1-0"]
[WhiteElo "2066"]
[BlackElo "2265"]

1.e4 c5 2.Nc3 Nc6 3.g3 g6 4.Bg2 Bg7 5.d3 d6 6.Be3 e6 7.Qd2 Rb8 8.Nf3 Nd4
9.Bxd4 cxd4 10.Nb5 Qb6 11.Qb4 Kd7 12.e5 dxe5 13.Nd2 a5 14.Qa4 Ke7 15.Qa3+ Kd8
16.Nc4 Qxb5 17.Qd6+ Qd7 18.Qxb8 Qe7 19.Nxe5 {#r} 1-0

[Event "It (open)"]
[Site "masterchessopen.com Jakarta (Indonesia)"]
[Date "2011.10.16"]
[Round "5"]
[White "Pokorna Regina (SVK)"]
[Black "Turqueza M"]
[Result "1-0"]
[WhiteElo "2359"]
[BlackElo "2274"]

1.e4 c5 2.Nc3 g6 3.g3 Bg7 4.Bg2 Nc6 5.d3 d6 6.Be3 Rb8 7.Qd2 b5 8.f4 b4 9.Nd1
Bd7 10.Nf3 Nh6 11.h3 f5 12.O-O O-O 13.Kh2 Qa5 14.c3 bxc3 15.bxc3 Qa3 16.Rc1
Na5 17.e5 Nf7 18.Qe2 h6 19.Rf2 Kh8 20.d4 Rfc8 21.c4 cxd4 22.Bxd4 dxe5 23.Nxe5
Nxe5 24.fxe5 Rc7 {#r} 1-0

[Event "Ch Germany (juniors) (club) (under 16)"]
[Site "masterchessopen.com Triptis (Germany)"]
[Date "2011.12.27"]
[Round "1"]
[White "Carmesin Matthias (GER)"]
[Black "Ott Florian"]
[Result "1-0"]
[WhiteElo "2018"]
[BlackElo "2007"]

1.e4 c5 2.Nc3 d6 3.g3 Nc6 4.Bg2 g6 5.d3 Bg7 6.Be3 Rb8 7.a4 a6 8.Qd2 b5 9.axb5
axb5 10.Nf3 b4 11.Nd1 Nd4 12.O-O Bg4 13.Ne1 h5 14.h3 h4 15.hxg4 {#r} 1-0

[Event "Ch Poland (for the Blind) (1/2 final)"]
[Site "masterchessopen.com Krynica Zdroj (Poland)"]
[Round "3"]
[White "Debowska Teresa (POL)"]
[Black "Sajdych Wlodzimierz (POL)"]
[Result "1-0"]
[WhiteElo "1866"]
[BlackElo "1980"]

1.e4 c5 2.d3 Nc6 3.g3 g6 4.Bg2 Bg7 5.Nc3 d6 6.Be3 e6 7.Qd2 Nd4 8.Nd1 e5 9.c3
Ne6 10.f4 Ne7 11.Nf3 exf4 12.gxf4 f5 13.Nf2 Qc7 14.Nh3 Bd7 15.Nfg5 Nxg5
16.fxg5 O-O 17.Nf4 Be5 18.O-O-O Rf7 19.exf5 Rxf5 20.Nd5 Nxd5 21.Bxd5+ Kg7
22.d4 cxd4 23.Bxd4 {#r} 1-0

[Event "Ch Belgium (juniors) (under 20)"]
[Site "masterchessopen.com Brugge (Belgium)"]
[Date "2012.04.14"]
[Round "9"]
[White "Schueller Tobias"]
[Black "Monticelli Romain"]
[Result "1-0"]
[WhiteElo "1910"]
[BlackElo "1820"]

1.e4 c5 2.Nc3 Nc6 3.g3 g6 4.Bg2 Bg7 5.d3 d6 6.Be3 e6 7.Qd2 Nge7 8.Bh6 O-O 9.h4
Re8 10.h5 Bh8 11.hxg6 fxg6 12.Nf3 d5 13.Ng5 Ne5 14.Nxh7 Nf7 15.Bg5 Nxg5
16.Qxg5 Kf7 17.Qf4+ Kg7 18.Nf6 {#r} 1-0

[Event "Tournament (juniors) (under 18) (g)"]
[Site "masterchessopen.com Cali (Colombia)"]
[Date "2012.04.20"]
[Round "3"]
[White "Munoz Laura Alexandra"]
[Black "Dominguez Laura Lucia"]
[Result "0-1"]
[WhiteElo "1907"]
[BlackElo "1933"]

1.e4 c5 2.Nc3 Nc6 3.d3 g6 4.g3 Bg7 5.Bg2 d6 6.Be3 e5 7.Qd2 Nge7 8.Bh6 O-O 9.h4
Nd4 10.O-O-O Nec6 11.h5 Bxh6 12.Qxh6 Qf6 13.Nd5 Qg7 14.Qg5 f6 15.Qd2 Be6
16.hxg6 hxg6 17.c3 Nb5 18.Bh3 Bxh3 19.Nxh3 a6 20.a4 Nba7 {#R} 0-1

[Event "Tournament (team)"]
[Site "masterchessopen.com Creta (Greece)"]
[Date "2012.04.28"]
[Round "5"]
[White "Lyrakis Stavros"]
[Black "Chatzidakis Mihail"]
[Result "0-1"]
[WhiteElo "1929"]
[BlackElo "2324"]

1.e4 c5 2.Nc3 Nc6 3.g3 g6 4.Bg2 Bg7 5.d3 d6 6.Be3 h5 7.Qd2 h4 8.O-O-O Rb8 9.f4
Nf6 10.gxh4 Ng4 11.Nf3 Nxe3 12.Qxe3 Qa5 13.Qd2 b5 14.Kb1 b4 15.Nd5 Bg4 16.Ne3
Bxf3 17.Bxf3 Nd4 18.Qg2 Qa4 19.Nf5 gxf5 20.Qxg7 Qxc2+ 21.Ka1 Nb3+ 22.axb3 Rb6
{#R} 0-1

[Event "It \"]
[Site "masterchessopen.com London (England)"]
[Date "2012.05.20"]
[Round "4"]
[White "Tsoi Leo Z"]
[Black "Breed Greg J"]
[Result "1-0"]
[WhiteElo "1774"]
[BlackElo "1663"]

1.e4 c5 2.Nc3 Nc6 3.g3 g6 4.Bg2 Bg7 5.d3 d6 6.Be3 Nf6 7.h3 Qa5 8.Qd2 Bd7
9.Nge2 Rb8 10.O-O O-O 11.f4 e6 12.g4 b5 13.Ng3 Nd4 14.f5 exf5 15.exf5 b4
16.Nd1 Bc6 17.Bxd4 Bxg2 18.Bxf6 Bxf6 19.Kxg2 Qc7 20.Ne4 Be5 21.f6 {#r} 1-0

[Event "It (open)"]
[Site "masterchessopen.com Avoine (France)"]
[Date "2012.07.23"]
[Round "3"]
[White "Davy Bruno (FRA)"]
[Black "Messinger Karl (FRA)"]
[Result "0-1"]
[WhiteElo "1894"]
[BlackElo "2060"]

1.e4 c5 2.Nc3 Nc6 3.g3 g6 4.Bg2 Bg7 5.d3 d6 6.Be3 e6 7.Qd2 Nge7 8.Bh6 O-O 9.h4
f6 10.g4 Nd4 11.O-O-O Rb8 12.Nge2 b5 13.Bxg7 Kxg7 14.f4 Qa5 15.Nxd4 cxd4
16.Nb1 b4 17.f5 Qxa2 18.g5 b3 19.gxf6+ Rxf6 20.fxg6 bxc2 21.Qxc2 Ba6 22.Na3
Rc8 23.Nc4 Bxc4 24.Kd2 Rf2+ {#R} 0-1

[Event "Ch Pan-American (amateurs)"]
[Site "masterchessopen.com Cartagena (Colombia)"]
[Date "2012.09.08"]
[Round "9"]
[White "Illidge Martinez Eduardo"]
[Black "Carrillo Jose Antonio"]
[Result "0-1"]
[WhiteElo "1729"]
[BlackElo "1874"]

1.e4 c5 2.Nc3 d6 3.g3 g6 4.Bg2 Bg7 5.d3 Nc6 6.Be3 e6 7.Qd2 Nge7 8.Nh3 Nd4
9.Nd1 e5 10.Ng5 h6 11.c3 Nec6 12.O-O hxg5 13.cxd4 cxd4 14.Bxg5 f6 15.Be3 Bh3
16.Qe2 Bxg2 {#R} 0-1

[Event "Cup Grunwald"]
[Site "masterchessopen.com Dadaj (Poland)"]
[Date "2012.09.17"]
[Round "1"]
[White "Wojcieszyn Zdzislaw (POL)"]
[Black "Stachanczyk Jacek (POL)"]
[Result "0-1"]
[WhiteElo "1944"]
[BlackElo "2247"]

1.e4 c5 2.Nc3 Nc6 3.g3 g6 4.Bg2 Bg7 5.d3 d6 6.Be3 e5 7.Qd2 Be6 8.Nge2 Nd4
9.O-O Ne7 10.f4 Qd7 11.fxe5 dxe5 12.Bg5 O-O 13.Bf6 Bxf6 14.Rxf6 c4 15.dxc4
Nf3+ {#R} 0-1

[Event "It (open)"]
[Site "masterchessopen.com Bogota (Colombia)"]
[Round "4"]
[White "Palomino Daniel Fernando (COL)"]
[Black "Munoz Laura Alexandra (COL)"]
[Result "0-1"]
[WhiteElo "1711"]
[BlackElo "1884"]

1.e4 c5 2.Nc3 d6 3.g3 Nc6 4.Bg2 g6 5.d3 Bg7 6.Be3 Rb8 7.Qd2 b5 8.Nge2 b4 9.Nd1
Bb7 10.O-O e6 11.c3 Nge7 12.d4 cxd4 13.Nxd4 a5 14.Bh6 O-O 15.Bxg7 Kxg7 16.Ne3
Ba6 17.Ng4 Kh8 18.Rfd1 Qb6 19.Nxc6 Nxc6 20.Qxd6 Be2 21.Qf4 f5 22.Rd7 fxg4
23.Qh6 Qxf2+ 24.Kh1 Rf7 {#R} 0-1